000 00360nam a2200133Ia 4500
008 220217s9999||||xx |||||||||||||| ||und||
020 _a81-265-0086-7
082 _a005.43 GOE
100 _aGoerzen, John
_93558
245 0 _aLinux programming bible
260 _aWiley dream tech india
_bNew Delhi
_c2002
300 _b399
650 _aOperating systems
999 _c172180
_d172180